| 000 | 00353nam a2200145Ia 4500 | ||
|---|---|---|---|
| 008 | 230917s9999||||xx |||||||||||||| ||und|| | ||
| 040 |
_e112284 _aMAIN |
||
| 041 | _aEnglish | ||
| 082 | _a519.287 S58A | ||
| 100 | _aSanjeet singh | ||
| 245 | 0 | _aAnalysis of some reliability models | |
| 260 |
_aRohtak _bM.D.U _c2005 |
||
| 300 | _a62p. p. | ||
| 942 | _cBK | ||
| 999 |
_c124455 _d124455 |
||